000 00262nam a22001217a 4500
008 170613b xxu||||| |||| 00| 0 eng d
041 _aeng
080 _a94
100 _a19
101 _aSHH
245 _aTHE WESTERN MARXISTS
_cMCINNES.N
942 _2udc
_cBK
999 _c17072
_d17072